000 00726nam a2200289Ia 4500
005 20260324112849.0
008 008 260324s9999 xx 000 0 eng d
020 _a9781003540878
037 _aEBOOK
040 _aCRL
040 _beng
040 _cCRL
041 _2eng
041 _aeng
084 _qCRL
100 _aNicholas Addison; Lesley Burgess
_91144446
245 0 _aLearning to Teach Art and Design in the Secondary School
245 2 _bA Companion to School Experience
260 _bTaylor and Francis
260 _c2024
365 _a
365 _b220
856 _uhttp://www.taylorfrancis.com/books/9781003540878
942 _cEBOOK
999 _c1733821
_d1733821